Ilāhābāda kī saṃskr̥ti aura śāyarī /

Culture and poetry of Allahabad, India.

Saved in:
நூற்பட்டியல் விவரங்கள்
தலைமை எழுத்தாளர்: ʻAqīl, Muḥammad.
வடிவம்: புத்தகம்
மொழி:Urdu
வெளியீடப்பட்டது: Ilāhābāda : Ilāhābāda Saṅgrahālaya, 1996.
பதிப்பு:1. saṃskaraṇa.
பகுதிகள்:
குறியீடுகள்: குறிச்சொல் இணை
குறியீடுகள் இல்லை, இந்த குறிச்சொல்லை முதலில் பதிவு செய்யுங்கள்!
LEADER 01102aam a2200301 a 4500
001 007745559-2
005 20020606104010.5
008 970424s1996 ii 000 0 urdo
010 |a  96906179  
035 0 |a ocm36806963 
040 |a DLC  |c DLC 
042 |a lcode 
043 |a a-ii--- 
050 0 0 |a DS486.A486  |b R59 1996 
100 1 |a ʻAqīl, Muḥammad. 
245 1 0 |a Ilāhābāda kī saṃskr̥ti aura śāyarī /  |c Sai. Mohammada Aqīla Rizavī. 
250 |a 1. saṃskaraṇa. 
260 |a Ilāhābāda :  |b Ilāhābāda Saṅgrahālaya,  |c 1996. 
300 |a 99 p. ;  |c 22 cm. 
520 |a Culture and poetry of Allahabad, India. 
546 |a In Urdu  |b (Devanagari). 
650 0 |a Urdu poetry  |z India  |z Allahabad  |x History and criticism. 
651 0 |a Allahabad (India)  |x Civilization. 
655 7 |a Criticism, interpretation, etc.  |2 fast 
752 |a India  |d Allahabad. 
776 0 8 |i Online version:  |a ʻAqīl, Muḥammad.  |t Ilāhābāda kī saṃskr̥ti aura śāyarī.  |b 1. saṃskaraṇa.  |d Ilāhābāda : Ilāhābāda Saṅgrahālaya, 1996  |w (OCoLC)645878556 
988 |a 20020608 
906 |0 DLC